00411 2200157 4500001002100000005001500021035002000036245005800056100002200114250001700136300002900153260002700182082001000209084001600219650001800235INLIS00000000000060920240825073229 a0010-08240001271 aKumpulan Cerita Rakyat Nusantara /cMB. Rahimsyah. AR0 aMB. Rahimsyah. AR acetakan ke-1 a128 hlm :bIlus ;c21 cm aSurabaya :bSerba Jaya a398.2 a398.2 MB. k 4aCerita Rakyat